00338 a2200121 4500020001800000050001500018100002900033245005700062264004500119300001200164500001900176650002100195 a9789351111528 aSH1KHA2013 aKhan, Mirza Ahaneauthor aGlobal fisheries and aquaculture /cMirza Akbar Khan aNew Delhi : b Random Publications,c213 a280p. : aincludes index aglobal fisheries